| 000 | 00789nam a2200205 a 4500 | ||
|---|---|---|---|
| 008 | 110905s1998 ||||||||||||||||| || u | ||
| 020 | _a0721651798 | ||
| 050 | _aRJ 245 Bow | ||
| 100 | _aBowden, Vicky R | ||
| 245 | 1 | 0 |
_aChildren and their families: the continuum of care _cVicky R Bowden, Susan B. Dickey, Cindy Smith Greenberg |
| 260 |
_aPhiladelphia, PA _bW. B. Saunders _c1998 |
||
| 300 | _axivii, 2165p. : ill. | ||
| 350 | _a0.00 | ||
| 650 | _aPAEDIATRICS | ||
| 650 | _aFAMILY NURSING | ||
| 650 | _aPEDIATRIC NURSING | ||
| 700 | _aGreenberg, Cindy Smith | ||
| 700 | _aDickey, Susan B | ||
| 995 |
_aMEDICAL LIBRARY OPEN ACCESS _D0.00 _e900103 _FCBU-SCHOOL OF MEDICINE LIBRARY (Ndola) _H1 _I0.00 _jRJ 245 Bow _M1 _UAVAILABLE _WOct 20, 2011 _y900103 _ZMedical Library Open Access Collection |
||
| 999 |
_c30965 _d30965 |
||